<?xml version="1.0" encoding="UTF-8"?><?xml-stylesheet type="text/xsl" href="static/style.xsl"?><OAI-PMH xmlns="http://www.openarchives.org/OAI/2.0/" xmlns:xsi="http://www.w3.org/2001/XMLSchema-instance" xsi:schemaLocation="http://www.openarchives.org/OAI/2.0/ http://www.openarchives.org/OAI/2.0/OAI-PMH.xsd"><responseDate>2026-04-14T21:05:26Z</responseDate><request verb="GetRecord" identifier="oai:uvadoc.uva.es:10324/21005" metadataPrefix="marc">https://uvadoc.uva.es/oai/request</request><GetRecord><record><header><identifier>oai:uvadoc.uva.es:10324/21005</identifier><datestamp>2021-06-29T16:28:56Z</datestamp><setSpec>com_10324_38</setSpec><setSpec>col_10324_852</setSpec></header><metadata><record xmlns="http://www.loc.gov/MARC21/slim" xmlns:doc="http://www.lyncode.com/xoai" xmlns:xsi="http://www.w3.org/2001/XMLSchema-instance" xmlns:dcterms="http://purl.org/dc/terms/" xsi:schemaLocation="http://www.loc.gov/MARC21/slim http://www.loc.gov/standards/marcxml/schema/MARC21slim.xsd">
<leader>00925njm 22002777a 4500</leader>
<datafield tag="042" ind1=" " ind2=" ">
<subfield code="a">dc</subfield>
</datafield>
<datafield tag="720" ind1=" " ind2=" ">
<subfield code="a">González Camazón, Cristina</subfield>
<subfield code="e">author</subfield>
</datafield>
<datafield tag="260" ind1=" " ind2=" ">
<subfield code="c">2016</subfield>
</datafield>
<datafield tag="520" ind1=" " ind2=" ">
<subfield code="a">La fiscalidad verde y la creación de nuevos tributos sobre emisiones y residuos en España es una preocupación que comenzó a mediados del siglo XX, cuando la contaminación del medio ambiente puso en alerta a los seres humanos y empezaron a desarrollar instrumentos económicos para restringir el uso de actividades contaminantes y preservar el medio ambiente, todo ello bajo el desarrollo de una economía sostenible. Sin embargo, a día de hoy esta actividad sigue latente, ya que todavía está por desarrollar una auténtica reforma fiscal verde, aunque en los últimos años hayan tenido lugar novedades destacables. Actualmente, España es el sexto país de la Unión Europea en el que menos peso tienen los&#xd;
impuestos medioambientales sobre el total de ingresos fiscales. Por ello se dice que, a pesar de que la fiscalidad verde presenta un gran potencial recaudatorio, hasta el&#xd;
momento es una fuente prácticamente inexplotada.</subfield>
</datafield>
<datafield tag="024" ind2=" " ind1="8">
<subfield code="a">http://uvadoc.uva.es/handle/10324/21005</subfield>
</datafield>
<datafield ind1=" " ind2=" " tag="653">
<subfield code="a">Medio ambiente-Derecho</subfield>
</datafield>
<datafield ind1=" " ind2=" " tag="653">
<subfield code="a">Medio ambiente-Impuestos</subfield>
</datafield>
<datafield ind1=" " ind2=" " tag="653">
<subfield code="a">Desarrollo sostenible</subfield>
</datafield>
<datafield tag="245" ind1="0" ind2="0">
<subfield code="a">La fiscalidad verde. Creación de nuevos tributos sobre emisiones y residuos</subfield>
</datafield>
</record></metadata></record></GetRecord></OAI-PMH>